ARRUPE JESUIT UNIVERSITY

CORONAVIRUS -STOP THE SPREAD - CLEAN,DISINFECT,COVER

Foxfire 7 / (Record no. 126762)

MARC details
000 -LEADER
fixed length control field 01299cam a2200337 a 4500
001 - CONTROL NUMBER
control field 4661932
003 - CONTROL NUMBER IDENTIFIER
control field ARRUPE
005 - DATE AND TIME OF LATEST TRANSACTION
control field 20170824112709.0
008 - FIXED-LENGTH DATA ELEMENTS--GENERAL INFORMATION
fixed length control field 820830r1982 nyua b 001 0 eng
010 ## - LIBRARY OF CONGRESS CONTROL NUMBER
LC control number 80002962
020 ## - INTERNATIONAL STANDARD BOOK NUMBER
International Standard Book Number 0385152434 :
Terms of availability $19.95
020 ## - INTERNATIONAL STANDARD BOOK NUMBER
International Standard Book Number 0385152442 (pbk.)
040 ## - CATALOGING SOURCE
Original cataloging agency DLC
Transcribing agency DLC
Modifying agency DLC
-- OCoLC
-- DLC
043 ## - GEOGRAPHIC AREA CODE
Geographic area code n-usu--
-- n-usa--
050 00 - LIBRARY OF CONGRESS CALL NUMBER
Classification number BR563.M68
Item number F69 1982
082 00 - DEWEY DECIMAL CLASSIFICATION NUMBER
Classification number 280/.0975
Edition number 19
300 ## - PHYSICAL DESCRIPTION
Other physical details ill. ;
Dimensions 24 cm.
245 00 - TITLE STATEMENT
Title Foxfire 7 /
Statement of responsibility, etc edited with an introduction by Paul F. Gillespie.
Remainder of title ministers, church members, revivals, baptisms, shaped-note and gospel singing, faith healing, camp meetings, footwashing, snake handling, and other traditions of mountain religious heritage
250 ## - EDITION STATEMENT
Edition statement 1st ed.
260 ## - PUBLICATION, DISTRIBUTION, ETC. (IMPRINT)
Place of publication, distribution, etc Garden City, N.Y. :
Name of publisher, distributor, etc Anchor Press/Doubleday,
Date of publication, distribution, etc 1982.
300 ## - PHYSICAL DESCRIPTION
Extent 510 p. :
500 ## - GENERAL NOTE
General note "Contains articles first published in Foxfire magazine"--Verso t.p.
504 ## - BIBLIOGRAPHY, ETC. NOTE
Bibliography, etc Includes bibliographical references and index.
650 #0 - SUBJECT ADDED ENTRY--TOPICAL TERM
Topical term or geographic name as entry element Country life
Geographic subdivision Georgia
-- Rabun Gap
9 (RLIN) 35183
650 #0 - SUBJECT ADDED ENTRY--TOPICAL TERM
Topical term or geographic name as entry element Handicraft
Geographic subdivision Georgia
-- Rabun Gap
9 (RLIN) 35184
651 #0 - SUBJECT ADDED ENTRY--GEOGRAPHIC NAME
Geographic name Rabun Gap, Ga (USA)
9 (RLIN) 35190
700 1# - ADDED ENTRY--PERSONAL NAME
Personal name Gillespie, Paul F.
9 (RLIN) 35194
730 0# - ADDED ENTRY--UNIFORM TITLE
Uniform title Foxfire.
9 (RLIN) 35187
856 42 - ELECTRONIC LOCATION AND ACCESS
Materials specified Publisher description
Uniform Resource Identifier <a href="http://www.loc.gov/catdir/description/random043/80002962.html">http://www.loc.gov/catdir/description/random043/80002962.html</a>
906 ## - LOCAL DATA ELEMENT F, LDF (RLIN)
a 7
b cbc
c orignew
d 2
e ocip
f 19
g y-gencatlg
942 ## - ADDED ENTRY ELEMENTS (KOHA)
Source of classification or shelving scheme Library of Congress Classification
Koha item type Monograph ( Printed materials)
Holdings
Withdrawn status Lost status Source of classification or shelving scheme Damaged status Not for loan Collection code Home library Current library Shelving location Date acquired Total Checkouts Full call number Barcode Date last seen Price effective from Koha item type
    Library of Congress Classification     Main Collection ARRUPE LIBRARY ARRUPE LIBRARY Main Collection 24/08/2017   S521.5.G4 F64 46500023418 10/09/2019 24/08/2017 Monograph ( Printed materials)

 

Arrupe Library. PO Box MP320 Mt Pleasant, Harare, Zimbabwe
263 242 745411|librarian@aju.ac.zw